La lógica de la investigación científica /

Guardado en:
Autor Principal: Popper, Karl R.
Formato: Libro
Publicado: España : Tecnos, 1982
Series:Estructura y funci¢n,8
Materias:
Etiquetas: Agregar Etiqueta
Sin Etiquetas, Sea el primero en etiquetar este registro!
LEADER 00571nam a22002055a 4500
001 CEM.cems006983
005 20060214000000.0
008 130507s1982##################000#0#####d
003 CEMS
082 0 4 |a 161 
100 1 |a Popper, Karl R. 
245 1 0 |a La lógica de la investigación científica / 
260 |a España :  |b Tecnos,  |c 1982 
300 |a 451 p. 
490 0 |a Estructura y funci¢n,8 
653 |a Investigacion 
653 |a Investigacion cientifica 
653 |a Logica 
653 |a Metodo cientifico 
859 |a CEMS  |b BIB. CEMS - 11 de abril  |h 161  |i P746  |p 13307.85  |t Ej.1